| 000 | 01067cam a2200217 i 4500 | ||
|---|---|---|---|
| 999 |
_c7796 _d7796 |
||
| 003 | OSt | ||
| 005 | 20200521132249.0 | ||
| 008 | 141223t20152015ne a b 101 0 eng | ||
| 020 | _z9781138027114 | ||
| 082 | 0 | 0 |
_a728MIL _223 |
| 111 | 2 |
_aInternational Conference on Vernacular Heritage, Sustainability and Earthen Architecture _d(2014 : _cValencia, Spain) |
|
| 245 | 1 | 0 |
_aEarthen architecture : _bpast, present and future : proceedings of the International Conference on Vernacular Heritage, Sustainability and Earthen Architecture, Valencia, Spain, 11-13 September 2014 / _ceditors, C. Mileto, F. Vegas, L. GarcĂa Soriano & V. Cristini. |
| 300 |
_axiii, 373 pages : _billustrations ; _c26 cm + _e1 CD-ROM (4 3/4 in.) |
||
| 500 | _aAccompanying CD-ROM contains PDF files replicating the book's texts and images. | ||
| 504 | _aIncludes bibliographical references and index of authors. | ||
| 538 | _aAdobe Acrobat. | ||
| 650 | 0 |
_aEarth construction _vCongresses. |
|
| 650 | 0 |
_aSustainable development _vCongresses. |
|
| 700 | 1 |
_aMileto, Camilla, _eeditor. |
|
| 942 | _2ddc | ||